| Tag |
First Indicator |
Second Indicator |
Subfields |
| LEADER |
00000cam a2200000 a 4500 |
| 001 |
in00000749607 |
| 005 |
20151016162532.0 |
| 007 |
hd afa014baca |
| 008 |
760505s1894 ctua a 00011 eng |
| 035 |
|
|
|a (OCoLC)02157913
|
| 035 |
|
|
|9 ADJ3362AM
|
| 040 |
|
|
|a DLC
|c JNA
|d JNA
|d m.c.
|d OCL
|d UtOrBLW
|
| 049 |
|
|
|a TXAI
|
| 090 |
|
|
|a PS15
|
| 099 |
|
|
|a film
|a B
|a 1551
|
| 100 |
1 |
|
|a Stuart, Ruth McEnery,
|d 1856-1917.
|
| 245 |
1 |
0 |
|a Carlotta's intended :
|b and other tales /
|c by Ruth McEnery Stuart.
|
| 264 |
|
1 |
|a New York :
|b Harper & brothers,
|c 1894.
|
| 300 |
|
|
|a 277 pages :
|b illustrations
|
| 336 |
|
|
|a text
|b txt
|2 rdacontent
|
| 337 |
|
|
|a microform
|b h
|2 rdamedia
|
| 338 |
|
|
|a microfilm reel
|b hd
|2 rdacarrier
|
| 533 |
|
|
|a Microfilm.
|b Woodbridge, Conn. :
|c Research Publications,
|d 1970-1978.
|e 1 microfilm reel ; 35 mm.
|f (Wright American fiction ; v. 3 (1876-1900), Reel S-73, no. 5303)
|
| 500 |
|
|
|a Microform.
|
| 999 |
|
|
|a MARS
|
| 999 |
f |
f |
|s 914fa50a-256c-3964-b235-5aed6746b420
|i 6f67d50f-c994-3eed-a26e-ace43150c28e
|t 0
|
| 952 |
f |
f |
|p default
|a Texas A&M University
|b College Station
|c Sterling C. Evans Library
|d Evans: Microforms (3rd floor)
|t 0
|e film B 1551 v.3 reel S-73 no.5303
|h Other scheme
|i microform -- microfilm reel
|
| 998 |
f |
f |
|a film B 1551 v.3 reel S-73 no.5303
|t 0
|l Evans: Microforms (3rd floor)
|